| 000 | 00438nam a22001697a 4500 | ||
|---|---|---|---|
| 999 |
_c3767 _d3767 |
||
| 008 | 200629b ||||| |||| 00| 0 eng d | ||
| 020 | _a0070354871 | ||
| 082 | 0 | 0 |
_a658.4 _bK828 |
| 100 |
_91023 _aKoontz, Harold |
||
| 245 | 1 | 0 |
_aManagement / _cby Harold Koontz and Cyril O'Donnell |
| 250 | _a8th ed. | ||
| 260 |
_aLondon _bMcGrawhill _c1984 |
||
| 300 | _a682 p. | ||
| 650 | 0 | _aManagement | |
| 700 |
_91024 _aO'donnell, Cyril |
||
| 942 | _cBK | ||